Online
Catalog
Normal view MARC view

Entry Término temático

Number of records used in: 7

001 - NÚMERO DE CONTROL

  • campo de control: 85937

003 - IDENTIFICADOR DEL NÚMERO DE CONTROL

  • campo de control: DO-SdBNP

005 - FECHA Y HORA DE LA ÚLTIMA TRANSACCIÓN

  • campo de control: 20240703102640.0

008 - DATOS DE LONGITUD FIJA

  • campo de control de longitud fija: 240703|| aca||aabn | a|a d

040 ## - FUENTE DE LA CATALOGACIÓN

  • Centro catalogador/agencia de origen: DO-SdBNP
  • Centro/agencia transcriptor: DO-SdBNP

150 ## - ENCABEZAMIENTO--TÉRMINO DE MATERIA

  • Subdivisión general: Historia
  • Subdivisión cronológica: 1844
  • Subdivisión geográfica: República Dominicana

670 ## - FUENTE DE DATOS ENCONTRADOS

  • Cita de la fuente: Work cat.: (DO-SdBNP)57126: Álvarez-Pina, Damián 1987- autor 85936, República Dominicana en la prensa internacional :

Powered by Koha